00722nam a2200181 i 450000100060000000300090000600500170001500700030003200800410003510000440007624501470012026000660026730000180033350500300035185200210038199900170040295201210041974648ES-MaACL20230906172213.0t|040920s1914 sp ||||1| spa d1 aGonzález Rebollar, Hipólito.95890213aLa nueva política, críticas de actualidad b: [incluyese el estudio de actualidad la hora de España] / cHipólito González Rebollar. aLaguna de Tenerife : b[s.n., c1914] (fSucs. de M. Curbelo) av. ; c18 cm.8 aContiene: I. El ambiente. aES-MaACLjD-3154 c74648d74648 00104070aATENEOMbATENEOMcSVId2008-01-17eSCl0oD-3154p901078140r2023-02-23 00:00:00w2023-02-23yMONOGRAFIA